Statistics for Tallest Buildings by City

Click here to take the quiz!

General Stats

  • This quiz has been taken 13 times
  • The average score is 4 of 12

Answer Stats

CityBuilding% Correct
ParisEiffel Tower
92%
LondonThe Shard
75%
DubaiBurj Khalifa
67%
New York CityOne World Trade Center
67%
Kuala LumpurPetronas Towers
50%
TokyoTokyo Skytree
33%
Los AngelesUS Bank Tower
25%
ShanghaiShanghai Tower
17%
MoscowFederation Tower (East)
8%
Hong KongInternational Commerce Centre
8%
BerlinBerliner Fernsehturm
0%
SeoulThree International Finance Center
0%

Score Distribution

Percentile by Number Answered

Percent of People with Each Score

Your Score History

You have not taken this quiz